Detalles MARC
| 000 -LEADER |
| campo de control de longitud fija |
03196am aa2200517i 44500 |
| 003 - IDENTIFICADOR DE NÚMERO DE CONTROL |
| campo de control |
PE-LiUPU |
| 005 - FECHA Y HORA DE LA ÚLTIMA TRANSACCIÓN |
| campo de control |
20251023122307.0 |
| 008 - DATOS DE LONGITUD FIJA--INFORMACIÓN GENERAL |
| campo de control de longitud fija |
2401s2024 pe#a rb 001 0 spa d |
| 020 ## - NÚMERO INTERNACIONAL ESTÁNDAR DEL LIBRO |
| Número Internacional Estándar del Libro |
9786124950940 |
| 020 ## - NÚMERO INTERNACIONAL ESTÁNDAR DEL LIBRO |
| Número Internacional Estándar del Libro |
9786124950957 (e-ISBN) |
| 035 ## - NÚMERO DE CONTROL DEL SISTEMA |
| Número de control de sistema |
PE-LiUPU000047 |
| 040 ## - FUENTE DE CATALOGACIÓN |
| Centro catalogador/agencia de origen |
PE-LiUPU |
| Lengua de catalogación |
spa |
| Centro/agencia transcriptor |
PE-LiUPU |
| Normas de descripción |
rda |
| 082 04 - NÚMERO DE LA CLASIFICACIÓN DECIMAL DEWEY |
| Número de clasificación |
712 |
| Número de edición |
23 |
| Cutter |
C972p |
| 100 ## - ENTRADA PRINCIPAL--NOMBRE DE PERSONA |
| Nombre de persona |
Cuneo, Claudio, |
| Término indicativo de función/relación |
editor. |
| 9 (RLIN) |
7396 |
| 245 10 - MENCIÓN DEL TÍTULO |
| Título |
Paisaje como infraestructura, infraestructura como paisaje / |
| Mención de responsabilidad, etc. |
editado por Claudio Cuneo. |
| 264 #1 - PRODUCCIÓN, PUBLICACIÓN, DISTRIBUCIÓN, FABRICACIÓN Y COPYRIGHT |
| Producción, publicación, distribución, fabricación y copyright |
Lima : |
| Nombre del de productor, editor, distribuidor, fabricante |
Fondo Editorial de la Pontificia Universidad Católica del Perú, |
| Fecha de producción, publicación, distribución, fabricación o copyright |
enero de 2024. |
| 300 ## - DESCRIPCIÓN FÍSICA |
| Extensión |
170 páginas : |
| Otras características físicas |
ilustraciones, mapas ; |
| Dimensiones |
24 cm. |
| 336 ## - TIPO DE CONTENIDO |
| Término de tipo de contenido |
texto |
| Código de tipo de contenido |
txt |
| Fuente |
rdacontent |
| 337 ## - TIPO DE MEDIO |
| Nombre/término del tipo de medio |
sin mediación |
| Código del tipo de medio |
n |
| Fuente |
rdamedia |
| 338 ## - TIPO DE SOPORTE |
| Nombre/término del tipo de soporte |
volumen |
| Código del tipo de soporte |
nc |
| Fuente |
rdacarrier |
| 500 ## - NOTA GENERAL |
| Nota general |
Investigación ganadora del Fondo Extraordinario de Apoyo a la Investigación para Estudiantes de la Facultad de Arquitectura y Urbanismo - PUCP. |
| 500 ## - NOTA GENERAL |
| Nota general |
Diseño, diagramación y revisión de textos: Arquitectura PUCP Publicaciones. |
| 500 ## - NOTA GENERAL |
| Nota general |
Impreso por Tarea Asociación Gráfica Educativa, Lima, enero de 2024. |
| 504 ## - NOTA DE BIBLIOGRAFÍA, ETC. |
| Nota de bibliografía, etc. |
Incluye referencias bibliográficas. |
| 505 0# - NOTA DE CONTENIDO CON FORMATO |
| Nota de contenido con formato |
Presentación -- Paisaje como infraestructura -- Puerto Chalaco -- Modelo territorial de protección y puesta en valor del paisaje cultural agrícola -- Agroparque -- Infraestructura como paisaje -- De río hablador a río trabajador -- Arte, paisaje y desierto -- Salud y enfermedad en la arquitectura sanitaria del Movimiento Moderno peruano. |
| 520 ## - RESUMEN, ETC. |
| Sumario, etc. |
Compilación de investigaciones de estudiantes de Arquitectura PUCP que exploran la intersección entre infraestructura y paisaje en el Perú contemporáneo. Los proyectos analizan el papel del territorio, el agua, la agricultura, la salud y la cultura en la configuración espacial del paisaje urbano y rural, proponiendo nuevos modelos de intervención sostenible e interdisciplinaria. |
| 546 ## - NOTA DE IDIOMA |
| Nota de lengua/lenguaje |
Texto en español. |
| 650 14 - PUNTO DE ACCESO ADICIONAL DE MATERIA--TÉRMINO DE MATERIA |
| Término de materia o nombre geográfico como elemento de entrada |
Arquitectura del paisaje |
| Subdivisión geográfica |
Perú. |
| 9 (RLIN) |
5287 |
| 650 24 - PUNTO DE ACCESO ADICIONAL DE MATERIA--TÉRMINO DE MATERIA |
| Término de materia o nombre geográfico como elemento de entrada |
Infraestructura (Arquitectura) |
| Subdivisión geográfica |
Perú. |
| 9 (RLIN) |
7397 |
| 650 24 - PUNTO DE ACCESO ADICIONAL DE MATERIA--TÉRMINO DE MATERIA |
| Término de materia o nombre geográfico como elemento de entrada |
Paisaje urbano |
| Subdivisión geográfica |
Perú. |
| 9 (RLIN) |
7398 |
| 650 24 - PUNTO DE ACCESO ADICIONAL DE MATERIA--TÉRMINO DE MATERIA |
| Término de materia o nombre geográfico como elemento de entrada |
Planificación territorial |
| Subdivisión geográfica |
Perú. |
| 9 (RLIN) |
7399 |
| 650 24 - PUNTO DE ACCESO ADICIONAL DE MATERIA--TÉRMINO DE MATERIA |
| Término de materia o nombre geográfico como elemento de entrada |
Arquitectura sostenible |
| Subdivisión geográfica |
Perú. |
| 9 (RLIN) |
4430 |
| 700 ## - ENTRADA AGREGADA--NOMBRE PERSONAL |
| Nombre de persona |
Takano Reyes, Valeria, |
| Término indicativo de función/relación |
contribuyente. |
| 9 (RLIN) |
7400 |
| 700 ## - ENTRADA AGREGADA--NOMBRE PERSONAL |
| Nombre de persona |
Quispecondori Gomez, Kelly, |
| Término indicativo de función/relación |
contribuyente. |
| 9 (RLIN) |
7401 |
| 700 ## - ENTRADA AGREGADA--NOMBRE PERSONAL |
| Nombre de persona |
Rojas Mejía, Adriana, |
| Término indicativo de función/relación |
contribuyente. |
| 9 (RLIN) |
7402 |
| 700 ## - ENTRADA AGREGADA--NOMBRE PERSONAL |
| Nombre de persona |
Santivañez López, Miguel Ángel, |
| Término indicativo de función/relación |
contribuyente. |
| 9 (RLIN) |
7403 |
| 700 ## - ENTRADA AGREGADA--NOMBRE PERSONAL |
| Nombre de persona |
Huaranga Galarza, Scolli, |
| Término indicativo de función/relación |
contribuyente. |
| 9 (RLIN) |
7404 |
| 700 ## - ENTRADA AGREGADA--NOMBRE PERSONAL |
| Nombre de persona |
Borja Sotomayor, Claudia, |
| Término indicativo de función/relación |
contribuyente. |
| 9 (RLIN) |
7405 |
| 710 ## - ENTRADA AGREGADA--NOMBRE DE ENTIDAD CORPORATIVA |
| Nombre de entidad corporativa o nombre de jurisdicción como elemento de entrada |
Pontificia Universidad Católica del Perú. |
| Unidad subordinada |
Facultad de Arquitectura y Urbanismo, |
| Término indicativo de función/relación |
editor. |
| 9 (RLIN) |
7406 |
| 710 ## - ENTRADA AGREGADA--NOMBRE DE ENTIDAD CORPORATIVA |
| Nombre de entidad corporativa o nombre de jurisdicción como elemento de entrada |
Fondo Editorial PUCP, |
| Término indicativo de función/relación |
editor. |
| 9 (RLIN) |
7407 |
| 710 ## - ENTRADA AGREGADA--NOMBRE DE ENTIDAD CORPORATIVA |
| Nombre de entidad corporativa o nombre de jurisdicción como elemento de entrada |
Tarea Asociación Gráfica Educativa, |
| Término indicativo de función/relación |
impresor. |
| 9 (RLIN) |
7348 |
| 856 40 - LOCALIZACIÓN Y ACCESO ELECTRÓNICOS |
| Identificador Uniforme de Recursos |
<a href="https://repositorio.pucp.edu.pe">https://repositorio.pucp.edu.pe</a> |
| Nota pública |
Repositorio institucional PUCP (versión digital). |
| 942 ## - ELEMENTOS DE ENTRADA SECUNDARIOS (KOHA) |
| Fuente del sistema de clasificación o colocación |
Clasificación Decimal Dewey |
| Tipo de ítem Koha |
Libros físicos |
| 980 ## - EQUIVALENCIA O REFERENCIA-CRUZADA-MENCIÓN DE SERIE--NOMBRE DE PERSONA/TÍTULO [LOCAL, CANADÁ] |
| ID del usuario creador del registro |
21515 |
| Nombre del creador del registro |
ROMINA COBOS Adquisiciones |
| ID del último usuario que modificó el registro |
18226 |
| Nombre del último usuario que modificó el registro |
Jaime Vilcazán Jefe de Análisis Documental |